000 00804cam a22002531 4500
001 sa 65000989
003 DLC
005 20260227112107.0
008 890713s1963 ii h b 000 0 hino
010 _asa 65000989
035 _a(OCoLC)20004101
040 _aDLC
_cWaU
_dDLC
042 _apremarc
050 0 0 _aPK2096.A6
_bA17 1963
100 0 _aAkhā,
_dactive 17th century.
245 1 0 _aAkshaya rasa.
260 _c[1963]
300 _a4, 80, 373 p.
_bfacsims.
_c23 cm.
490 1 _aMaharaja Sayajirao University of Baroda. Hindi Dept. Hindī anusandhāna granthamālā,
_v2
500 _aIn Hindi.
504 _aBibliographical footnotes.
600 1 0 _aSingh, C. P.,
_d1910-
810 2 0 _aMaharaja Sayajirao University of Baroda.
_bHindi Department.
_tHindī anusandhāna granthamālā,
_v2.
999 _c61859
_d61859